Normal view
MARC view
- النقد العربي - النقد الغرب - دراسة تطبيقية
Entry Topical Term
001 - CONTROL NUMBER
- control field: 18017
003 - CONTROL NUMBER IDENTIFIER
- control field: JO-AjAnu
005 - DATE AND TIME OF LATEST TRANSACTION
- control field: 20230606073154.0
008 - FIXED-LENGTH DATA ELEMENTS
- fixed length control field: 230606|| aca||aabn | a|a d
040 ## - CATALOGING SOURCE
- Original cataloging agency: JO-AjAnu
- Transcribing agency: JO-AjAnu
150 ## - HEADING--TOPICAL TERM
- Topical term or geographic name entry element: النقد العربي - النقد الغرب - دراسة تطبيقية
670 ## - SOURCE DATA FOUND
- Source citation: Work cat.: (JO-AjAnu)9251: تأليف ولد بوعليبة، محمد ؛ صبري حافظ, author 18016, النقد الغربي والنقد العربي: نصوص متقاطعة، دراسة تطبيقية في النقد المقارن لنصوص خالدة سعيد ويمنى العيد